000 00558nam a22001817a 4500
005 20251108173701.0
008 250721s2005 xx 000 0 ara d
082 1 4 _a818/دعب
100 1 _aدعبول، خولة
_eمؤلف
245 1 0 _aنخبة الأقوال في رسائل الجوال /
264 1 _aدمشق :
_bدار الأحباب،
_c2005.
300 _a96 ص.
650 1 7 _aالادب العربي
650 1 7 _aالرساال الادبيه
700 1 _aشعيب، حسام أحمد
_eمراجع
942 _2ddc
_cBK
999 _c109898
_d109898